000 00595nam a2200205Ia 4500
001 9703
003 GE_BSU
008 181216s||||||||xx |||||||||||||| ||und||
040 _cGE_BSU
080 _a821.353.1–1
100 _aმირცხულავა,ალიო
245 _aლირიკა
245 _cრედ.ნ.ხომერიკი.მხატვ.გ.გორდელაძე
260 _aთბილისი
260 _bსაბჭ.მწერალი
260 _c1959
300 _a172გვ.17სმ.
653 _aლირიკა
942 _cBK
999 _c42986
_d42986